Music Quiz

Random Music or Poem Quiz

Click Along: 'The Curse' (Josh Ritter) Quiz Stats

 Plays Quiz not verified by Sporcle

Score 0/44 Timer 10:00
0 Plays Today
% Correct
???
76.9%
???
73.1%
???
73.1%
???
69.2%
???
69.2%
???
69.2%
???
69.2%
???
65.4%
???
65.4%
???
65.4%
???
61.5%
???
61.5%
???
61.5%
???
57.7%
???
57.7%
???
57.7%
???
57.7%
???
57.7%
???
57.7%
???
57.7%
???
57.7%
???
57.7%
% Correct
???
57.7%
???
57.7%
???
53.8%
???
53.8%
???
53.8%
???
53.8%
???
53.8%
???
53.8%
???
53.8%
???
53.8%
???
53.8%
???
53.8%
???
53.8%
???
53.8%
???
53.8%
???
53.8%
???
53.8%
???
53.8%
???
53.8%
???
50%
???
50%
???
46.2%

You're not logged in!

Compare scores with friends on all Sporcle quizzes.
OR
Log In

You Might Also Like...

Show Comments

Extras

Top Quizzes Today


Score Distribution

Your Account Isn't Verified!

In order to create a playlist on Sporcle, you need to verify the email address you used during registration. Go to your Sporcle Settings to finish the process.

Report this User

Report this user for behavior that violates our Community Guidelines.

Details: